MARC

LEADER 00000nam0a2200000 4500
001 290916
005 20231102000333.0
035 |a (RuTPU)RU\TPU\book\315474 
090 |a 290916 
100 |a 20150409d1974 m y0rusy50 ca 
101 0 |a rus 
102 |a RU 
105 |a a j 001zy 
200 1 |a Тепловая изоляция энергетических установок  |e учебное пособие  |f С. Т. Воронков, Д. З. Исэров 
205 |a 2-е изд., перераб. и доп. 
210 |a Москва  |c Высшая школа  |d 1974 
215 |a 271 с.  |c ил. 
225 1 |a Профтехобразование. Теплотехника 
320 |a Библиогр.: с. 268. 
606 1 |a Энергетика  |2 stltpush  |3 (RuTPU)RU\TPU\subj\21200  |9 46224 
606 1 |a Теплоизоляция  |2 stltpush  |3 (RuTPU)RU\TPU\subj\33567  |9 55766 
610 1 |a энергетические установки 
610 1 |a тепловые процессы 
610 1 |a теплоизоляционные материалы 
610 1 |a теплоизоляционные конструкции 
610 1 |a теплоизоляционные работы 
610 1 |a горячие поверхности 
610 1 |a защитные перекрытия 
610 1 |a учебные пособия 
675 |a 620.9(075.32)  |v 3 
675 |a 662.998(075.32)  |v 3 
700 1 |a Воронков  |b С. Т.  |g Сергей Тимофеевич 
701 1 |a Исэров  |b Д. З.  |g Давид Зиновьевич 
801 1 |a RU  |b 63413507  |c 20150409 
801 2 |a RU  |b 63413507  |c 20181204  |g RCR 
942 |c BK